Análisis sobre la dinámica de transición y duración del desempleo en Costa Rica /
Guardado en:
| Autor principal: | |
|---|---|
| Otros Autores: | , |
| Formato: | Libro |
| Lenguaje: | Spanish |
| Etiquetas: |
Agregar Etiqueta
Sin Etiquetas, Sea el primero en etiquetar este registro!
|
MARC
| LEADER | 00000nam a22000007a 4500 | ||
|---|---|---|---|
| 003 | cru CIDCACS/IIS | ||
| 005 | 20170810140201.0 | ||
| 007 | ta | ||
| 008 | 170810s2014 cr |||p|r|||| 00| 0 spa d | ||
| 999 | |c 19564 |d 19564 | ||
| 040 | |c cru CIDCACS/IIS | ||
| 100 | 1 | |9 5137 |a Castro Vincenzi, Juan Manuel | |
| 245 | 1 | |a Análisis sobre la dinámica de transición y duración del desempleo en Costa Rica / |c Juan Manuel Castro Vincenzi, Jonathan Garita Garita, Mariana Odio Zúñiga | |
| 300 | |a páginas 39-64 : |b tablas, gráficos | ||
| 700 | 1 | |9 5138 |a Garita Garita, Jonathan | |
| 700 | 1 | |9 5139 |a Odio Zúñiga, Mariana | |
| 773 | 0 | |0 19111 |9 1091 |a Universidad de Costa Rica. Facultad de Ciencias Económicas. Instituto de Investigaciones en Ciencias Económicas |d San José, Costa Rica : Universidad de Costa Rica. Facultad de Ciencias Económicas. Instituto de Investigaciones en Ciencias Económicas; Colegio de Licenciados en Ciencias Económicas y Sociales |o 17910 |t Ciencias Económicas / |x 02529521 | |
| 942 | |2 ddc |c PP | ||
